[Event "Gelendzhik op 14th"]
[Site "Gelendzhik"]
[Date "2017.06.04"]
[Round "8"]
[White "Rolgeizer, Genrikh"]
[Black "Ambartsumjan, Evgeny"]
[Result "1-0"]
[WhiteElo "2103"]
[BlackElo "2217"]
[PlyCount "73"]
[EventDate "2017.05.28"]
[EventType "swiss"]
[EventRounds "9"]
[EventCountry "RUS"]
[SourceTitle "EXT 2018"]
[Source "ChessBase"]
[SourceDate "2017.10.13"]
[SourceVersion "1"]
[SourceVersionDate "2017.10.13"]
[SourceQuality "1"]

1. e4 c5 2. Nf3 e6 3. d4 cxd4 4. Nxd4 a6 5. Nc3 b5 6. g3 Bb7 7. Bg2 d6 8. 0-0 Nd7 9. a3 Be7 10. Qe2 Qc7 11. Be3 Ngf6 12. Rad1 0-0 13. h3 Ne5 14. Bc1 Rac8 15. g4 Nc4 16. g5 Nd7 17. f4 Qb6 18. Kh1 Nxa3 19. Qg4 Qd8 20. f5 Nxc2 21. Nxc2 Ne5 22. Qg3 exf5 23. exf5 Bxg2+ 24. Qxg2 f6 25. Nd4 Qd7 26. Ne6 Rfe8 27. gxf6 Bxf6 28. Nd5 Qf7 29. Rg1 Kh8 30. Rdf1 Rc4 31. Bg5 Nd7 32. Bxf6 Nxf6 33. Qxg7+ Qxg7 34. Nxg7 Re2 35. Nxf6 Rcc2 36. Rg3 Rxb2 37. Ngh5 1-0